|
|
|
|
| LEADER |
00000nam0a2200000 4500 |
| 001 |
283771 |
| 005 |
20231101235629.0 |
| 020 |
|
|
|a RU
|b 85-17746
|
| 035 |
|
|
|a (RuTPU)RU\TPU\book\307900
|
| 090 |
|
|
|a 283771
|
| 100 |
|
|
|a 20150210d1985 km y0rusy5003 ca
|
| 101 |
0 |
|
|a rus
|
| 102 |
|
|
|a RU
|
| 105 |
|
|
|a y z 001zy
|
| 200 |
1 |
|
|a Ландшафтная индикация
|f С. В. Викторов, А. Г. Чикишев
|g Академия наук СССР (АН СССР) ; отв. ред. Н. А. Гвоздецкий
|
| 210 |
|
|
|a Москва
|c Наука
|d 1985
|
| 215 |
|
|
|a 97 с.
|d 20 см
|
| 225 |
1 |
|
|a Человек и окружающая среда
|
| 320 |
|
|
|a Библиогр.: с. 95-96
|
| 320 |
|
|
|a Словарь терминов: с. 94-95
|
| 606 |
1 |
|
|a Географические ландшафты
|2 stltpush
|3 (RuTPU)RU\TPU\subj\5904
|9 33889
|
| 610 |
1 |
|
|a исследование
|
| 610 |
1 |
|
|a ландшафтная индикация
|
| 610 |
1 |
|
|a история
|
| 610 |
1 |
|
|a ландшафты
|
| 610 |
1 |
|
|a геология
|
| 610 |
1 |
|
|a растительность
|
| 610 |
1 |
|
|a вода
|
| 610 |
1 |
|
|a оазисы
|
| 610 |
1 |
|
|a структура
|
| 610 |
1 |
|
|a микроструктура
|
| 610 |
1 |
|
|a полезные ископаемые
|
| 610 |
1 |
|
|a окружающая среда
|
| 610 |
1 |
|
|a охрана
|
| 675 |
|
|
|a 911.5
|z rus
|v 4
|
| 700 |
|
1 |
|a Викторов
|b С. В.
|g Сергей Васильевич
|4 070
|
| 701 |
|
1 |
|a Чикишев
|b А. Г.
|g Анатолий Григорьевич
|4 070
|
| 702 |
|
1 |
|a Гвоздецкий
|b Н. А.
|4 340
|
| 712 |
0 |
2 |
|a Академия наук СССР (АН СССР)
|c (1925-1991)
|2 stltpush
|3 (RuTPU)RU\TPU\col\722
|
| 801 |
|
0 |
|a RU
|b RuMRKP
|c 19950704
|g psbo
|
| 801 |
|
1 |
|a RU
|b 63413507
|c 20150210
|
| 801 |
|
2 |
|a RU
|b 63413507
|c 20170221
|g RCR
|
| 942 |
|
|
|c BK
|